[Event "LSS ZN-2006-0-00081"]
[Site "LSS email"]
[Date "2006.09.17"]
[Round "?"]
[White "Wright, Growly"]
[Black "Schoenbuchner, Gertraud"]
[Result "0-1"]
[WhiteElo "679"]
[BlackElo "751"]
[PlyCount "20"]
[EventDate "2006.09.15"]
[EventType "match (corr)"]
[EventRounds "2"]
[EventCountry "GER"]
[SourceTitle "Corr 2015"]
[Source "ChessBase"]
[SourceDate "2015.07.17"]
[SourceVersion "1"]
[SourceVersionDate "2015.07.17"]
[SourceQuality "1"]

1. e4 e5 2. Bc4 Nc6 3. Nf3 d6 4. Bb5 Bg4 5. h3 Bh5 6. g4 Bg6 7. d3 h5 8. gxh5 Bxh5 9. Bg5 f6 10. Be3 Qd7 0-1

[Event "LSS ZN-2006-0-00079"]
[Site "LSS email"]
[Date "2006.09.16"]
[Round "?"]
[White "Wright, Growly"]
[Black "Vigliotti, Christopher"]
[Result "0-1"]
[WhiteElo "679"]
[BlackElo "495"]
[PlyCount "22"]
[EventDate "2006.09.12"]
[EventType "match (corr)"]
[EventRounds "2"]
[EventCountry "GER"]
[SourceTitle "Corr 2015"]
[Source "ChessBase"]
[SourceDate "2015.07.17"]
[SourceVersion "1"]
[SourceVersionDate "2015.07.17"]
[SourceQuality "1"]

1. e4 c5 2. Bc4 Nf6 3. Nf3 e6 4. d4 d5 5. Bb5+ Bd7 6. Bxd7+ Nbxd7 7. e5 Ne4 8. c4 Qa5+ 9. Bd2 Qb6 10. Na3 cxd4 11. cxd5 exd5 0-1

[Event "LSS OP-2006-0-00102"]
[Site "LSS email"]
[Date "2006.07.29"]
[Round "?"]
[White "Wright, Growly"]
[Black "Sherwood, Russell"]
[Result "0-1"]
[WhiteElo "679"]
[BlackElo "1694"]
[PlyCount "26"]
[EventDate "2006.07.27"]
[EventType "tourn (corr)"]
[EventRounds "4"]
[EventCountry "GER"]
[SourceTitle "Corr 2015"]
[Source "ChessBase"]
[SourceDate "2015.07.17"]
[SourceVersion "1"]
[SourceVersionDate "2015.07.17"]
[SourceQuality "1"]

1. d4 f5 2. Nc3 Nf6 3. Bf4 e6 4. Nb5 Nd5 5. Nxc7+ Nxc7 6. Nf3 Nd5 7. e3 Qb6 8. Bc4 Qb4+ 9. c3 Qxc4 10. Ne5 Qb5 11. b4 Nxc3 12. Qh5+ g6 13. Qg5 Qe2# 0-1

[Event "IECG OP.2006.0.00099"]
[Site "IECG email"]
[Date "2006.07.25"]
[Round "?"]
[White "Sherwood, Russell"]
[Black "Wright, Growly"]
[Result "1-0"]
[WhiteElo "1778"]
[BlackElo "800"]
[PlyCount "53"]
[EventDate "2006.07.25"]
[EventType "tourn (corr)"]
[EventRounds "6"]
[SourceTitle "Corr 2008"]
[Source "ChessBase"]
[SourceDate "2008.06.24"]
[SourceVersion "1"]
[SourceVersionDate "2008.06.24"]
[SourceQuality "1"]

1. e4 e5 2. Nf3 Nf6 3. Nc3 Bc5 4. Bc4 d5 5. exd5 e4 6. d4 exf3 7. dxc5 c6 8. Qxf3 Bg4 9. Qe3+ Qe7 10. Qxe7+ Kxe7 11. d6+ Kd7 12. Bxf7 Na6 13. Be3 Nd5 14. Bxd5 cxd5 15. Nxd5 Kc6 16. Ne7+ Kd7 17. f3 Bf5 18. Nxf5 Rae8 19. Ne7 b6 20. cxb6 axb6 21. 0-0-0 Nc5 22. Bd4 Nb7 23. Bxg7 Rxe7 24. dxe7+ Kxe7 25. Rhe1+ Kf7 26. Rd7+ Kg8 27. Re8# 1-0